James Madison Cabinet - Statistics

General Stats
  • This quiz has been taken 11 times
  • The average score is 6 of 16
Answer Stats
Hint Answer % Correct
Sec. of State(1811-1817) James Monroe
100%
Sec. of Treasury(1809-1814) Albert Gallatin
75%
Sec. of State(1809-1811) Robert Smith
75%
Sec. of Treasury(1814) George W. Campbell
50%
Sec. of Treasury(1816-1817) William H. Crawford
50%
AG(1809-1811) Caesar A. Rodney
25%
Sec. of War(1814-1815) James Monroe
25%
Sec. of War(1813-1814) John Armstrong
25%
Sec. of Navy(1809-1813) Paul Hamilton
25%
Sec. of War(1809-1813) William Eustis
25%
Sec. of War(1815-1816) William H. Crawford
25%
Sec. of Navy(1813-1814) William Jones
25%
AG(1811-1814) William Pinkney
25%
Sec. of Treasury(1814-1816) Alexander J. Davis
0%
Sec. of Navy(1814-1817) Benjamin W. Crowinshield
0%
AG(1814-1817 Richard Rush
0%
No matching quizzes found
Score Distribution
Percent of People with Each Score
Percentile by Number Answered
Your Score History
You have not taken this quiz